000 00479nam a22001937a 4500
005 20250610150811.0
008 250610b |||||||| |||| 00| 0 eng d
020 _a978-0-7020-7328-1
050 _aRM 301.28.C565 2019
100 _aBROWN MORRIS J.
245 _aCLINICAL PHARMACOLOGY
250 _a12
260 _aNEWYORK
_bELSEVIER
_c2019
300 _aX,667
500 _aINCLUDES AN INDEX
650 _a Pharmacology.
700 _aSHARMA PANKAJ
942 _2lcc
_cBK
999 _c215646
_d215646